Logo BPK

Biblioteka

Politechniki Koszalińskiej

Statyka ustrojów palowych : (Rekord nr 28707)

Szczegóły MARC
000 -ETYKIETA REKORDU
podpole kontrolne o stałej długości 00450nam a2200169 i 4500
001 - NUMER KONTROLNY REKORDU
pole kontrolne bg
040 ## - ŹRÓDŁO KATALOGOWANIA
Instytucja, która utworzyła rekord BPK
041 ## - KOD JĘZYKA
Kod języka tekstu pol
080 ## - UNIWERSALNA KLASYFIKACJA DZIESIĘTNA - UKD
UKD 624.01/.07:624.1
008 - POLE O STAŁEJ DŁUGOŚCI - DANE KONTROLNE
podpole kontrolne o stałej długości s pl f |000 0 pol
100 1# - NAZWA OSOBOWA
Nazwa osobowa KOSECKI, Mieczysław
245 #0 - TYTUŁ/ODPOWIEDZIALNOŚĆ
Tytuł Statyka ustrojów palowych :
Ciąg dalszy tytułu zasady obliczania metodą uogólnioną /
Pozostałe elementy strefy tytułu i oznaczenia odpowiedzialności M. Kosecki.
260 ## - STREFA ADRESU WYDAWNICZEGO
Miejsce wydania Szczecin,
Data publikacji, dystrybucji/powstania dokumentu 1988.
650 #9 - HASŁO PRZEDMIOTOWE W FORMIE NAZWY OGÓLNEJ LUB JEDNOSTKOWEJ
Nazwa ogólna lub geograficzna Konstrukcje budowlane
650 #9 - HASŁO PRZEDMIOTOWE W FORMIE NAZWY OGÓLNEJ LUB JEDNOSTKOWEJ
Nazwa ogólna lub geograficzna Fundamenty
856 ## - LOKALIZACJA I DOSTĘP DO ELEKTRONICZNYCH DOKUMENTÓW ZDALNYCH
Link (URL) http://koha.tu.koszalin.pl/cgi-bin/koha/opac-detail.pl?biblionumber=28707
Tekst linku Katalog online BPK
942 ## - DODATKOWE ELEMENTY (KOHA)
Typ dokumentu Książka
Egzemplarze
Wycofany Status egzemplarza Uszkodzony Dostępność Lokalizacja stała Lokalizacja bieżąca Numer ubytku Sygnatura Kod kreskowy Typ dokumentu Miejsce przechowywania Ostatnio wypożyczono
  Egz. niedostępny   Niedostępny Biblioteka Politechniki Koszalińskiej Biblioteka Politechniki Koszalińskiej 12536 34595 01119466 Książka    
      Dostępny Biblioteka Politechniki Koszalińskiej Biblioteka Politechniki Koszalińskiej   34596 02071114 Książka Wypożyczalnia BG  
      Dostępny Biblioteka Politechniki Koszalińskiej Biblioteka Politechniki Koszalińskiej   34597 01597035 Książka Wypożyczalnia BG  
      Dostępny Biblioteka Politechniki Koszalińskiej Biblioteka Politechniki Koszalińskiej   34598 01597028 Książka Wypożyczalnia BG 04.02.2022
  Egz. niedostępny   Niedostępny Biblioteka Politechniki Koszalińskiej Biblioteka Politechniki Koszalińskiej 12537 34599 01597011 Książka    
© 2023 Biblioteka Politechniki Koszalińskiej :: KOHA